Dadah penyalahgunaan dan pengedarannya menurut pandangan Islam /
Saved in:
| Main Author: | |
|---|---|
| Format: | Unknown |
| Language: | English |
| Published: |
Petaling Jaya
: Universiti Islam Antarabangsa Malaysia,
1990
|
| Subjects: | |
| Tags: |
Add Tag
No Tags, Be the first to tag this record!
|
| LEADER | 009090000a22002410004500 | ||
|---|---|---|---|
| 001 | 63250 | ||
| 005 | 19990407034700.0 | ||
| 008 | 930202s1990 eng | ||
| 035 | |a 233491 | ||
| 035 | |a (Sirsi) 63250 | ||
| 040 | |a UIAM |b eng | ||
| 049 | |b m | ||
| 050 | |a HV5801 | ||
| 100 | 0 | |a Abdul Kadir Che Kob | |
| 245 | 1 | 0 | |a Dadah penyalahgunaan dan pengedarannya menurut pandangan Islam / |c oleh Abdul Kadir bin Che Kob |
| 260 | 1 | |a Petaling Jaya |b : Universiti Islam Antarabangsa Malaysia, |c 1990 | |
| 300 | |a 303p. | ||
| 500 | |a Kertas projek (Dip. Undang-Undang dan Pentadbiran Kehakiman Islam) - Kulliyah Undang-Undang, Universiti Islam Antarabangsa, 1990 | ||
| 596 | |a 1 | ||
| 650 | 0 | |a Drug abuse |x Religious aspects Islam | |
| 900 | |a arr-ros | ||
| 999 | |c 430100 |d 461591 | ||
| 952 | |0 0 |6 T HV 005801 A1363D |7 0 |8 THESES |9 749210 |a IIUM |b IIUM |c MULTIMEDIA |g 0.00 |o t HV5801A1363D |p 00000104110 |r 2017-10-19 |t 1 |v 0.00 |y THESIS | ||
